00665cam a2200217 a 450000100090000000300060000900500170001500800410003201000130007302000220008603500150010804000200012305000170014308200100016010000240017024501010019426000470029530000200034250400520036265000330041433243403OCoLC20210301161450.0950920s1996 miu b 001 0 eng  a95039123 a0801020654 (pbk.) a.b10698048 aDLCcDLCdOCoLC00aBT759bER68H bER68H1 aErickson, Millard J10aHow shall they be saved? :bthe destiny of those who do not hear of Jesus /cMillard J. Erickson aGrand Rapids, Mich. :bBaker Books,cc1996 a278 p. ;c23 cm aIncludes bibliographical references and indexes 0aSalvation outside the church